00438nam a2200145 a 4500008004100000020001500041050001700056100001900073245009000092260003800182300001300220350000900233650001400242650003600256071001s1994 ||||||||||||||||| || u a0792329686 aK 3240.6 Hum aBeaty, David M10aHuman rights and judicial review: a comparative perspectivecedited by David M. Beaty aDerdrechtbMartinus Nijhoffc1994 ax, 361p. a0.00 aReligions aHUMAN RIGHTS--RELIGEOUS ASPECTS